000 00369pam a2200157a 44500
008 230515b1966 xxu||||| |||| 00| 0 eng d
020 _aNULL
041 _aENGLISH
082 _a630
100 _a3479-1966
245 _aGENERAL REQUIREMENTS FOR STEEL DROP UPSET AND PRESS FORGINGS
250 _a0
260 _aDELHI
_bISI
_c1966
300 _a12
650 _aNULL
999 _c652144
_d652144